| 000 | 00380nam a2200133Ia 4500 | ||
|---|---|---|---|
| 008 | 170516s9999 xx 000 0 und d | ||
| 245 | _aTriple-Modal Imaging of Magnetically-Targeted Nanocapsules in Solid Tumours In Vivo | ||
| 260 | _bTheranostics | ||
| 260 | _c2016 | ||
| 300 | _a6:3 | ||
| 650 | _xMedical Technology | ||
| 650 | _xMedtech | ||
| 856 | _uhttp://www.thno.org/v6i3 | ||
| 999 |
_c330882 _d330882 |
||